[Event "AUTO-OPEN-192"]
[Site "http://www.queenalice.com/game.php?id=43363"]
[Date "2005.12.13"]
[Round "1"]
[White "gargur"]
[Black "Patricio"]
[Result "1-0"]
[WhiteElo "1587"]
[BlackElo "1752"]

1. e4 e5 2. Nf3 d6 3. Nc3 Be6 4. d4 exd4 5. Nxd4 a6 6. Bd3 Qf6 7. Nxe6 fxe6 8.
O-O Nc6 9. Be3 O-O-O 10. Qe2 Nge7 11. Rab1 g5 12. f4 Nd4 13. Bxd4 Qxd4+ 14. Qf2
Qxf2+ 15. Rxf2 gxf4 16. Rxf4 Nc6 17. Ne2 Nb4 18. a3 Nxd3 19. cxd3 Rd7 20. Rbf1
Bg7 21. b3 Rg8 22. Rf7 e5 23. Ng3 b5 24. R1f3 Rxf7 25. Rxf7 Bh6 26. Nf5 Bg5 27.
Rxh7 Kb7 28. Nxd6+ Kc6 29. Nf5 Rd8 30. Rg7 Bc1 31. Rg6+ Kb7 32. Rg3 Bxa3 33. h4
Bc5+ 34. Kf1 Rf8 35. Ke2 Kb6 36. h5 Ka5 37. h6 Kb4 38. h7 Rh8 39. Rg7 Kxb3 40.
Nh4 Bf8 41. Rxc7 a5 42. Ng6 Rxh7 43. Rxh7 Bd6 44. Rd7 Bb8 45. Rb7 1-0

[Event "AUTO-OPEN-192"]
[Site "http://www.queenalice.com/game.php?id=43364"]
[Date "2005.12.13"]
[Round "1"]
[White "Patricio"]
[Black "gargur"]
[Result "0-1"]
[WhiteElo "1721"]
[BlackElo "1700"]

1. e4 e5 2. Nf3 Nc6 3. a3 a6 4. Nc3 Nf6 5. d3 h6 6. Be3 d6 7. h3 b5 8. Be2 Be6
9. O-O Be7 10. d4 exd4 11. Nxd4 Nxd4 12. Bxd4 O-O 13. Bf3 d5 14. e5 Nh7 15. Be3
c6 16. b4 f6 17. Bg4 Qc8 18. Bh5 fxe5 19. Bc1 Bf6 20. Rb1 Ng5 21. h4 Nf7 22.
Bxf7+ Rxf7 23. Qh5 Bg4 24. Qg6 Qf5 25. Qxf5 Bxf5 26. Rb2 Bxh4 27. Bd2 Bg6 28.
Ne2 Raf8 29. f3 Rf5 30. c3 R5f7 31. Be3 Bd3 32. Rd2 Bc4 33. Bf2 Bxf2+ 34. Rxf2
e4 35. Rb2 exf3 36. Nd4 fxg2 37. Kxg2 Rf6 38. Nf3 g5 39. Ne5 Rxf2+ 40. Rxf2
Rxf2+ 41. Kxf2 Kg7 42. Nxc6 h5 43. Ne5 Kf6 44. Nd7+ Kf5 45. Nc5 Kf4 46. Nxa6 h4
47. Nc5 g4 48. Nd7 h3 49. Nf6 g3+ 0-1

[Event "AUTO-OPEN-192"]
[Site "http://www.queenalice.com/game.php?id=43393"]
[Date "2005.12.13"]
[Round "1"]
[White "Patricio"]
[Black "ayrton"]
[Result "1-0"]
[WhiteElo "1761"]
[BlackElo "1711"]

1. e4 e5 2. Nf3 Nc6 3. Nc3 a6 4. b3 b5 5. Bb2 d6 6. d4 Nxd4 7. Nxd4 exd4 8. Qxd4
c5 9. Qd3 Be6 10. a3 c4 11. Qd1 Be7 12. Qf3 h6 13. g3 Bf6 14. Bg2 Ra7 15. O-O
Ne7 16. Rab1 cxb3 17. cxb3 Bxb3 18. Nxb5 Rb7 19. Bxf6 Rxb5 20. Bxe7 Qxe7 21.
Rxb3 O-O 22. a4 Ra5 23. Ra3 Qd7 24. Rd1 Rd8 25. Qc3 Rxa4 26. e5 Rxa3 27. Qxa3
Qc8 28. exd6 Rd7 29. Rc1 Qb8 30. Bh3 Qxd6 31. Qe3 Rd8 32. Rb1 a5 33. Ra1 a4 34.
Bf1 Ra8 35. Bb5 Kf8 36. Re1 f6 37. Bxa4 g5 38. Qe4 Ra7 39. Qe8+ Kg7 40. Bc2 Rf7
41. Qe4 f5 42. Qe3 Kf6 43. Qc3+ 1-0

[Event "AUTO-OPEN-192"]
[Site "http://www.queenalice.com/game.php?id=43394"]
[Date "2005.12.13"]
[Round "1"]
[White "ayrton"]
[Black "Patricio"]
[Result "0-1"]
[WhiteElo "1739"]
[BlackElo "1702"]

1. e4 e5 2. Nf3 Nc6 3. d4 exd4 4. Nxd4 Nge7 5. c3 d6 6. Bg5 Bd7 7. Qb3 Na5 8.
Bxe7 Bxe7 9. Qa3 b6 10. b4 Nb7 11. Qa6 Qb8 12. Bb5 Bxb5 13. Qxb5+ Kf8 14. Qa6
Bf6 15. Nc6 Qc8 16. O-O g6 17. b5 Kg7 18. Re1 Nc5 19. Qa3 Re8 20. Qb4 Nd3 21.
Qc4 Nxe1 22. Na3 Nxg2 23. Kxg2 Qg4+ 24. Kf1 Rxe4 25. Qd3 Rae8 26. Nc2 Qf5 27.
Rd1 Bh4 28. Rd2 Qf4 29. Kg1 Qg4+ 30. Kf1 Bg5 31. h3 Qe6 32. Rd1 Qxa2 33. f3 Re2
34. N6d4 Rh2 35. Ra1 Rh1+ 36. Kf2 Rxa1 37. Ne2 Rh1 38. Kg2 Qb1 0-1

[Event "AUTO-OPEN-192"]
[Site "http://www.queenalice.com/game.php?id=43395"]
[Date "2005.12.13"]
[Round "1"]
[White "Patricio"]
[Black "voodoozebra"]
[Result "1-0"]
[WhiteElo "1697"]
[BlackElo "1640"]

1. e4 e5 2. Nf3 Nc6 3. d3 Bc5 4. c4 d6 5. a3 Bg4 6. Be2 Nf6 7. Nc3 Qd7 8. Bg5 h6
9. Bxf6 gxf6 10. O-O f5 11. exf5 Qxf5 12. Nb5 O-O-O 13. h3 Bxf3 14. Bxf3 Rhg8
15. Bg4 Rxg4 16. hxg4 Qh7 17. b4 a6 18. bxc5 dxc5 19. Nc3 Rxd3 20. Qc2 Nd4 21.
Qb2 Qg6 22. f3 f5 23. Nd5 Qg7 24. gxf5 Nxf5 25. Qe2 Rd4 26. Qc2 Qg5 27. Rf2 Ng3
28. Qa4 Qh5 29. Rfa2 c6 30. Ne7+ Kd7 31. Kf2 Kxe7 32. Rd1 Nf5 33. Rxd4 cxd4 34.
Qb4+ Nd6 35. Re2 Kf6 36. Qxd6+ 1-0

[Event "AUTO-OPEN-192"]
[Site "http://www.queenalice.com/game.php?id=43396"]
[Date "2005.12.13"]
[Round "1"]
[White "voodoozebra"]
[Black "Patricio"]
[Result "1-0"]
[WhiteElo "1651"]
[BlackElo "1719"]

1. e4 e5 2. Nf3 Nc6 3. Nc3 a6 4. Bc4 Be7 5. d3 h6 6. O-O Nf6 7. Be3 Na5 8. Nxe5
Nxc4 9. Nxc4 O-O 10. Qf3 d6 11. h3 Be6 12. Qg3 Kh8 13. Na5 b6 14. Nc6 Qd7 15.
Nd4 c5 16. Nxe6 fxe6 17. f4 b5 18. f5 Nh7 19. Rf2 exf5 20. Nd5 Bd8 21. Raf1 b4
22. Rxf5 Rxf5 23. Rxf5 Ng5 24. Bxg5 Bxg5 25. Nb6 Qd8 26. Nxa8 Qxa8 27. Qxd6 Be3+
28. Kf1 Qc8 29. Rf8+ 1-0

[Event "AUTO-MASTER-97"]
[Site "http://www.queenalice.com/game.php?id=50244"]
[Date "2006.1.30"]
[Round "1"]
[White "Edgar"]
[Black "Patricio"]
[Result "1-0"]
[WhiteElo "1817"]
[BlackElo "1714"]

1. e4 e5 2. Nf3 d6 3. Bc4 h6 4. O-O Nf6 5. Nc3 Nc6 6. a3 Be7 7. d4 exd4 8. Nxd4
Ne5 9. Bb3 O-O 10. Nf5 a6 11. f3 c5 12. Nd5 Nc6 13. c3 b5 14. Nfxe7+ Nxe7 15.
Nxf6+ gxf6 16. Bxh6 Re8 17. Qe1 c4 18. Bc2 Ng6 19. Qg3 Qe7 20. Rad1 Rd8 21. Bf4
Qa7+ 22. Kh1 d5 23. exd5 Kg7 24. Rfe1 Qb6 25. Bxg6 fxg6 26. Re7+ Kf8 27. d6 g5
28. Be3 Qc6 29. Rh7 Bf5 30. Rh6 Kf7 31. Rxf6+ Kxf6 32. Qxg5+ Kf7 33. Qxf5+ Kg8
34. Qg6+ 1-0

[Event "AUTO-MASTER-97"]
[Site "http://www.queenalice.com/game.php?id=50245"]
[Date "2006.1.30"]
[Round "1"]
[White "Patricio"]
[Black "Edgar"]
[Result "1-0"]
[WhiteElo "1719"]
[BlackElo "1854"]

1. e4 e5 2. Nf3 Nc6 3. Nc3 d6 4. d3 Bg4 5. h3 Bh5 6. Be2 Nf6 7. O-O h6 8. Nd5
Nxd5 9. exd5 Ne7 10. c4 Qd7 11. Be3 Nf5 12. Bd2 Be7 13. g4 Nh4 14. Nxh4 Bxh4 15.
gxh5 Qxh3 16. Bf3 g6 17. Bg2 Qxd3 18. Qa4+ Kf8 19. Rad1 Qf5 20. Qb3 b6 21. hxg6
Qxg6 22. Qh3 Rg8 23. Be3 Re8 24. Rd2 Bg5 25. Rfd1 f5 26. Bxg5 Qxg5 27. Kf1 e4
28. Re2 a5 29. b3 Rg6 30. Qh2 Ke7 31. Re3 Qg4 32. Rde1 Kd7 33. Bh3 Qh4 34. Bxf5+
Kd8 35. Qxh4+ Rg5 36. Rxe4 Rg8 37. Rg4 Re8 38. Rxe8+ Kxe8 39. Qxh6 Rxg4 40. Bxg4
Ke7 41. Qg7+ Ke8 42. Be6 c5 43. Qf7+ Kd8 44. Qd7# 1-0

[Event "AUTO-MASTER-97"]
[Site "http://www.queenalice.com/game.php?id=50256"]
[Date "2006.1.30"]
[Round "1"]
[White "mikaio"]
[Black "Patricio"]
[Result "1-0"]
[WhiteElo "1868"]
[BlackElo "1712"]

1. c4 c5 2. Nf3 Nf6 3. g3 Nc6 4. Bg2 d6 5. O-O Bf5 6. d4 Nb4 7. Na3 Bd7 8. dxc5
dxc5 9. Ne5 e6 10. Bg5 Be7 11. Qb3 Rb8 12. Rad1 O-O 13. Bxf6 Bxf6 14. Nxd7 Qe7
15. Nxf8 Rxf8 16. Nc2 Nxc2 17. Qxc2 b6 18. Rd3 a5 19. Rfd1 Qc7 20. Qb3 Qb8 21.
Rd7 Qe5 22. e4 h6 23. f4 1-0

[Event "AUTO-MASTER-97"]
[Site "http://www.queenalice.com/game.php?id=50257"]
[Date "2006.1.30"]
[Round "1"]
[White "Patricio"]
[Black "mikaio"]
[Result "0-1"]
[WhiteElo "1716"]
[BlackElo "1890"]

1. e4 c5 2. c4 Nc6 3. Nf3 d6 4. d3 Nf6 5. Nc3 Bg4 6. h3 Bxf3 7. Qxf3 Qb6 8. Qd1
e6 9. Be2 Be7 10. O-O O-O 11. a3 Nd4 12. Rb1 Rad8 13. Na4 Qc6 14. Nc3 d5 15. e5
Nd7 16. f4 a6 17. Be3 Nf5 18. Bf2 dxc4 19. Bf3 Qc7 20. b4 cxb4 21. axb4 cxd3 22.
Rc1 Qb8 23. Na2 Bh4 24. Be4 Bxf2+ 25. Rxf2 Ng3 26. Bxd3 Qa7 27. Qf3 Nf5 28. Kh1
Nxe5 29. fxe5 Rxd3 30. Qf4 Rfd8 31. Nc3 h6 32. Kh2 Qd4 33. Qxd4 R3xd4 34. b5 Rc8
35. Rfc2 Rdc4 0-1

[Event "AUTO-MASTER-97"]
[Site "http://www.queenalice.com/game.php?id=50262"]
[Date "2006.1.30"]
[Round "1"]
[White "mfrezman"]
[Black "Patricio"]
[Result "0-1"]
[WhiteElo "1639"]
[BlackElo "1702"]

1. d4 d5 2. Nf3 Nf6 3. h3 Nc6 4. Bf4 e6 5. Ne5 Bd7 6. e3 Bd6 7. Bd3 O-O 8. O-O
Nb4 9. Be2 c5 10. c3 Nc6 11. Nxf7 Rxf7 12. Bxd6 c4 13. Nd2 Bc8 14. Be5 Nd7 15.
Bf4 e5 16. dxe5 Ndxe5 17. Qc2 Bf5 18. e4 Bg6 19. Qc1 Rxf4 20. exd5 Qxd5 21. Nxc4
Rff8 22. Bf3 Nxf3+ 23. gxf3 Qxc4 24. Qg5 Rxf3 25. Kh2 Qe6 26. Qh4 Bf5 27. Rae1
Qxa2 28. Re3 Rxe3 29. fxe3 Qxb2+ 30. Kg1 Rf8 31. Rf2 Qxc3 32. Qg3 Qe1+ 33. Kg2
Be4+ 34. Kh2 Qh1# 0-1

[Event "AUTO-MASTER-97"]
[Site "http://www.queenalice.com/game.php?id=50263"]
[Date "2006.1.30"]
[Round "1"]
[White "Patricio"]
[Black "mfrezman"]
[Result "1-0"]
[WhiteElo "1707"]
[BlackElo "1583"]

1. d4 Nf6 2. Nc3 g6 3. e4 d6 4. Bd3 Bg7 5. Nge2 O-O 6. O-O c6 7. f4 Bg4 8. h3
Be6 9. f5 gxf5 10. exf5 Bd5 11. Nxd5 Nxd5 12. Nf4 Nf6 13. c4 Nbd7 14. Nh5 Nxh5
15. Qxh5 Nf6 16. Qf3 e5 17. dxe5 dxe5 18. Qg3 Qd4+ 19. Kh1 e4 20. Be2 Kh8 21.
Be3 Qxb2 22. Rfe1 Rg8 23. Qf2 Qe5 24. Rab1 b6 25. Bf4 Qxf5 26. Rf1 Qe6 27. Bg5
Nd7 28. Rbd1 Ne5 29. c5 b5 30. a3 Raf8 31. Rd6 Qa2 32. Bf6 Ng6 33. Bxg7+ Rxg7
34. Qe3 f5 35. Rxc6 Ne5 36. Rh6 Nc4 37. Qf2 e3 38. Qe1 Rxg2 39. Kxg2 Nd2 40. Rf4
Qd5+ 41. Kh2 Rg8 42. Qh1 Qxc5 43. Bd3 Qe5 44. Rh4 Qd6 45. Bxf5 e2 46. Rxh7# 1-0

[Event "AUTO-MASTER-117"]
[Site "http://www.queenalice.com/game.php?id=57479"]
[Date "2006.3.15"]
[Round "1"]
[White "Brandt"]
[Black "Patricio"]
[Result "0-1"]
[WhiteElo "1836"]
[BlackElo "1738"]

1. d4 d5 2. c4 c6 3. Nc3 Nf6 4. cxd5 cxd5 5. Nf3 e6 6. Bg5 Be7 7. e3 a6 8. Bd3
Nc6 9. O-O O-O 10. a3 h6 11. Bxf6 Bxf6 0-1

[Event "AUTO-MASTER-117"]
[Site "http://www.queenalice.com/game.php?id=57480"]
[Date "2006.3.15"]
[Round "1"]
[White "Patricio"]
[Black "Brandt"]
[Result "1-0"]
[WhiteElo "1758"]
[BlackElo "1816"]

1. e4 c5 2. Nf3 d6 3. Bc4 Nf6 4. Ng5 e6 5. Be2 Nc6 6. c4 b6 7. d3 Be7 8. Nf3 O-O
9. O-O e5 10. a3 Bb7 11. Nc3 1-0

[Event "AUTO-MASTER-117"]
[Site "http://www.queenalice.com/game.php?id=57495"]
[Date "2006.3.15"]
[Round "1"]
[White "alib2004"]
[Black "Patricio"]
[Result "1-0"]
[WhiteElo "1797"]
[BlackElo "1776"]

1. e4 e5 2. Nf3 d6 3. Bc4 Be7 4. d3 Nc6 5. Nc3 h6 6. Nd5 Nf6 7. Nxe7 Qxe7 8. Be3
Bg4 9. h3 Be6 10. Bb3 O-O 11. O-O a6 12. c3 Na5 13. Bc2 c5 14. b3 b6 15. d4 cxd4
16. cxd4 exd4 17. Nxd4 Bd7 18. f4 Nxe4 19. Rf3 Nc6 20. Qd3 f5 21. Nxc6 Bxc6 22.
Qc4+ d5 23. Qxc6 Qa3 24. Qxd5+ Kh8 25. Bxe4 fxe4 26. Qxe4 Qb2 27. Bd4 Qd2 28.
Rg3 Rae8 29. Bxg7+ Kg8 30. Be5+ Kf7 31. Rg7+ Ke6 32. Qc6+ Kf5 33. g4# 1-0

[Event "AUTO-MASTER-117"]
[Site "http://www.queenalice.com/game.php?id=57496"]
[Date "2006.3.15"]
[Round "1"]
[White "Patricio"]
[Black "alib2004"]
[Result "0-1"]
[WhiteElo "1775"]
[BlackElo "1836"]

1. e4 c5 2. c4 e6 3. Nc3 d6 4. Nf3 Nc6 5. d3 Nf6 6. Be2 Be7 7. O-O O-O 8. a3 a6
9. h3 Bd7 10. Be3 Rc8 11. Qb3 Na5 12. Qc2 b5 13. b4 Nb7 14. bxc5 Nxc5 15. Rab1
bxc4 16. d4 Nd3 17. Bxd3 cxd3 18. Qxd3 Qa5 19. Bd2 Qxa3 20. Qe3 Ra8 21. Ra1 Qb3
22. Qe2 Bb5 23. Nxb5 Qxb5 24. Qxb5 axb5 25. e5 Nd5 26. Rab1 Rfb8 27. Bg5 Bxg5
28. Nxg5 dxe5 29. dxe5 b4 30. Ne4 b3 31. Rfd1 Rb4 32. f3 f5 33. exf6 gxf6 34.
Nc5 Nc3 35. Nxe6 Nxd1 36. Rxd1 b2 0-1

[Event "AUTO-MASTER-117"]
[Site "http://www.queenalice.com/game.php?id=57505"]
[Date "2006.3.15"]
[Round "1"]
[White "tonyalme"]
[Black "Patricio"]
[Result "1-0"]
[WhiteElo "2012"]
[BlackElo "1718"]

1. d4 d5 2. c4 c6 3. Nf3 Nf6 4. Nc3 Bf5 5. Qb3 b6 6. cxd5 cxd5 7. e4 Nxe4 8.
Nxe4 dxe4 9. Ne5 Be6 10. Bb5+ Bd7 11. Qxf7# 1-0

[Event "AUTO-MASTER-117"]
[Site "http://www.queenalice.com/game.php?id=57506"]
[Date "2006.3.15"]
[Round "1"]
[White "Patricio"]
[Black "tonyalme"]
[Result "0-1"]
[WhiteElo "1740"]
[BlackElo "2085"]

1. Nf3 c5 2. e4 Nc6 3. c3 Nf6 4. Qc2 e5 5. Bb5 Be7 6. Bxc6 dxc6 7. O-O Qc7 8. h3
O-O 9. d4 exd4 10. cxd4 cxd4 11. Nxd4 Qe5 12. Nf3 Qxe4 13. Qxe4 Nxe4 14. Re1 f5
15. Nc3 Bb4 16. Bd2 Nxd2 17. Nxd2 Rd8 18. Nf3 Bf8 19. Ng5 b5 20. a3 a5 21. Rac1
b4 22. axb4 axb4 23. Ne2 Rd2 24. Rxc6 Bd7 25. Rc7 Rxe2 26. Rxd7 Rxe1+ 27. Kh2
Re2 28. f3 h6 0-1

[Event "Challenge"]
[Site "http://www.queenalice.com/game.php?id=59013"]
[Date "2006.3.23"]
[Round "-"]
[White "li2carpio"]
[Black "Patricio"]
[Result "1-0"]
[WhiteElo "1818"]
[BlackElo "1761"]

1. e4 e5 2. Nf3 d6 3. Bc4 Be7 4. Nc3 Bg4 5. h3 Bxf3 6. Qxf3 Nf6 7. d3 Nc6 8. g4
Nd4 9. Qd1 O-O 10. Be3 c5 11. h4 Qd7 12. g5 Ng4 13. Bxd4 cxd4 14. Ne2 h6 15.
gxh6 Nxh6 16. Qd2 Qg4 17. O-O-O Qd7 18. Rhg1 Ng4 19. Ng3 Bxh4 20. Nf5 Bxf2 21.
Rxg4 Qxf5 22. exf5 Be3 23. f6 Bxd2+ 24. Rxd2 g6 25. Rxg6+ 1-0

[Event "AUTO-OPEN-172"]
[Site "http://www.queenalice.com/game.php?id=61736"]
[Date "2006.4.6"]
[Round "2"]
[White "gdan"]
[Black "Patricio"]
[Result "1-0"]
[WhiteElo "1967"]
[BlackElo "1747"]

1. e4 e5 2. Nf3 Nc6 3. Bb5 Nge7 4. d4 a6 5. Ba4 exd4 6. O-O g6 7. Nxd4 Bg7 8. c3
O-O 9. f4 d6 10. Nxc6 bxc6 11. Nd2 Bd7 12. Nf3 c5 13. Bc2 Bg4 14. h3 Bd7 15. Nh2
Rb8 16. f5 Nc6 17. Ng4 Ne5 18. f6 Bh8 19. Nh6# 1-0

[Event "AUTO-OPEN-172"]
[Site "http://www.queenalice.com/game.php?id=61737"]
[Date "2006.4.6"]
[Round "2"]
[White "Patricio"]
[Black "gdan"]
[Result "0-1"]
[WhiteElo "1723"]
[BlackElo "1921"]

1. e4 d6 2. d4 Nf6 3. Nc3 g6 4. Bc4 c6 5. Nf3 Bg7 6. Ng5 d5 7. exd5 cxd5 8. Be2
Nc6 9. Be3 O-O 10. O-O h6 11. Nf3 a6 12. a3 b5 13. Ne5 Bb7 14. Nxc6 Bxc6 15. Qd2
g5 16. h3 Qc7 17. f4 Ne4 18. Nxe4 dxe4 19. fxg5 hxg5 20. Bxg5 Qg3 21. d5 Rad8
22. c4 bxc4 23. Bxc4 Qd6 24. Bxa6 Qc5+ 25. Be3 Qxd5 26. Qe2 e6 27. Bc4 Qe5 28.
Rab1 f5 29. Rbc1 Bd5 30. Bxd5 exd5 31. Rc2 d4 32. Bf4 Qd5 33. Rc7 d3 0-1

[Event "AUTO-OPEN-172"]
[Site "http://www.queenalice.com/game.php?id=61742"]
[Date "2006.4.6"]
[Round "2"]
[White "kapilgain"]
[Black "Patricio"]
[Result "1-0"]
[WhiteElo "2155"]
[BlackElo "1715"]

1. e4 e5 2. Nf3 Nc6 3. Bc4 Be7 4. d4 exd4 5. Nxd4 Ne5 6. Be2 Nf6 7. Nc3 c6 8. f4
Ng6 9. e5 Nd5 10. Nxd5 cxd5 11. Nf5 O-O 12. Qxd5 Rb8 13. Nxe7+ Qxe7 14. O-O b6
15. Be3 Re8 16. Rad1 Bb7 17. Qxd7 Qb4 18. Qd4 1-0

[Event "AUTO-OPEN-172"]
[Site "http://www.queenalice.com/game.php?id=61743"]
[Date "2006.4.6"]
[Round "2"]
[White "Patricio"]
[Black "kapilgain"]
[Result "0-1"]
[WhiteElo "1725"]
[BlackElo "2167"]

1. e4 e5 2. Nc3 Nc6 3. a3 Nf6 4. Nf3 d5 5. exd5 Nxd5 6. Bb5 Nxc3 7. bxc3 Bd6 8.
d4 exd4 9. Bxc6+ bxc6 10. cxd4 Ba6 11. Bb2 O-O 12. Qd2 Re8+ 13. Kd1 Rb8 14. Bc3
Be2+ 0-1